| 000 | 01030nam0a22002891 4500 | ||
|---|---|---|---|
| 001 | rc\2587156 | ||
| 005 | 20260406103140.0 | ||
| 035 | _a(NLR Aleph) 006751518 | ||
| 090 |
_a5749507 _c5749507 |
||
| 100 | _a20110914d1929 |||y0rusy50 ca | ||
| 101 | 1 |
_arus _cfre |
|
| 102 | _aRU | ||
| 105 | _ay z ||||| | ||
| 200 | 1 |
_aХромой бес _dLe diable boiteux _fАлэн-Рене Лесаж _gСокращенный пер. и обработка А. Гатова |
|
| 210 |
_aМосква _cОгонек _d1929 _gтипо-лит. акц. изд. о-ва "Огонек" |
||
| 215 |
_a46 с., [2] с. объявл. _d14х11 см. |
||
| 225 | 1 |
_aБиблиотека "Огонек" _v№ 463 |
|
| 510 | 0 | _aLe diable boiteux | |
| 700 | 1 |
_7ca _8rus _aЛесаж _bА.-Р. _f1668-1747 _gАлен-Рене _970629 _3RU\NLR\auth\7787701 |
|
| 702 | 1 |
_aГатов _bА. _4730 |
|
| 801 | 0 |
_aRU _bNLR _gpsbo |
|
| 801 | 1 |
_aRU _bELAR _2rusmarc |
|
| 852 |
_aNLR _j49/479-463 |
||
| 852 |
_aNLR _jЛ60 В-2/127 |
||
| 942 | _cBOOK | ||
| 980 | _aNB | ||